[Event "Russia CC op"]
[Site "Tula"]
[Date "2002.??.??"]
[Round "3"]
[White "Markov, Vesna"]
[Black "Khanov, Vjacheslav"]
[Result "0-1"]
[WhiteElo "2156"]
[BlackElo "2233"]
[PlyCount "100"]
[EventDate "2002.??.??"]
[EventType "swiss"]
[EventRounds "9"]
[EventCountry "RUS"]
[SourceTitle "EXT 2010"]
[Source "ChessBase"]
[SourceDate "2010.11.25"]
[SourceVersion "1"]
[SourceVersionDate "2010.11.25"]
[SourceQuality "1"]

1. d4 Nf6 2. e3 g6 3. Bd3 Bg7 4. f4 d6 5. Nf3 0-0 6. 0-0 c5 7. c3 Qc7 8. Nbd2 Nc6 9. Ne4 cxd4 10. Nxf6+ Bxf6 11. exd4 Bg7 12. h3 e5 13. fxe5 dxe5 14. Be4 Qb6 15. a4 Bd7 16. Bxc6 Bxc6 17. a5 Qb5 18. Nxe5 Bxe5 19. dxe5 Qxe5 20. Qd4 Qxd4+ 21. cxd4 a6 22. Bf4 f6 23. Bd6 Rf7 24. Rfe1 Rd8 25. Bc5 Rd5 26. Re3 Rg5 27. g3 f5 28. Bd6 f4 29. Rc3 h5 30. Rf1 f3 31. Be5 Rgf5 32. Kf2 Rd7 33. b4 g5 34. Rfc1 g4 35. h4 Kf7 36. R3c2 Ke7 37. Rc5 Ke8 38. Bh8 Bd5 39. Re1+ Kf7 40. Rc8 Be6 41. Rec1 Rb5 42. Rb1 b6 43. axb6 Rxb6 44. Ra8 Rdb7 45. Be5 Rxb4 46. Rxb4 Rxb4 47. Ra7+ Ke8 48. Rxa6 Rb2+ 49. Ke3 Re2+ 50. Kd3 Bf5+ 0-1

[Event "Russia CC op"]
[Site "Tula"]
[Date "2002.??.??"]
[Round "7"]
[White "Markov, Vesna"]
[Black "Statsenko, Viktor"]
[Result "1-0"]
[WhiteElo "2156"]
[BlackElo "2106"]
[PlyCount "149"]
[EventDate "2002.??.??"]
[EventType "swiss"]
[EventRounds "9"]
[EventCountry "RUS"]
[SourceTitle "EXT 2010"]
[Source "ChessBase"]
[SourceDate "2010.11.25"]
[SourceVersion "1"]
[SourceVersionDate "2010.11.25"]
[SourceQuality "1"]

1. d4 d5 2. e3 c6 3. Bd3 Nf6 4. Nd2 Nbd7 5. b3 e5 6. dxe5 Nxe5 7. Bb2 Nxd3+ 8. cxd3 Bf5 9. Qe2 Bb4 10. a3 Ba5 11. b4 Bc7 12. h3 0-0 13. Ngf3 Re8 14. Nd4 Bg6 15. N2f3 Nh5 16. 0-0-0 a5 17. g4 Nf6 18. b5 cxb5 19. Nxb5 Nd7 20. Bd4 Bb6 21. Qb2 Rc8+ 22. Kb1 Bxd4 23. Nfxd4 Nc5 24. Nf5 Bxf5 25. gxf5 Qd7 26. Rhg1 g6 27. fxg6 hxg6 28. Rg4 Re6 29. Rh4 Kf8 30. Rh8+ Ke7 31. Rxc8 Qxc8 32. Rc1 Rc6 33. Na7 Qc7 34. Nxc6+ Qxc6 35. d4 Nd3 36. Rxc6 Nxb2 37. Rc3 Nc4 38. Kc2 b5 39. Kd3 Kd6 40. h4 f5 41. f3 Nb2+ 42. Ke2 Nc4 43. Rb3 Kc6 44. Kd3 a4 45. Rc3 Kd6 46. Ke2 Ke6 47. Rc1 Kf6 48. Kd3 Nxa3 49. Rc6+ Kf7 50. Rb6 Kg7 51. e4 fxe4+ 52. fxe4 dxe4+ 53. Kxe4 Nc4 54. Rb7+ Kh6 55. Kd3 a3 56. Ra7 Kh5 57. Kc3 Kxh4 58. Kb4 Nd6 59. Rxa3 g5 60. Ra6 Nf5 61. d5 g4 62. Kxb5 g3 63. Rg6 Ne7 64. d6 Nxg6 65. d7 g2 66. d8Q+ Kh3 67. Qd3+ Kh2 68. Qd6+ Kh1 69. Qd5 Nf4 70. Qf3 Ne2 71. Kc4 Nf4 72. Kd4 Ne2+ 73. Ke3 Ng3 74. Kf2 Ne4+ 75. Qxe4 1-0

[Event "YUG-ch (Women) 53th"]
[Site "Herceg Novi"]
[Date "2000.04.22"]
[Round "12"]
[White "Markov, Vesna"]
[Black "Stojanovic, Nadezda"]
[Result "1-0"]
[WhiteElo "2202"]
[BlackElo "2101"]
[PlyCount "47"]
[EventDate "2000.04.16"]
[EventType "tourn"]
[EventRounds "13"]
[EventCountry "YUG"]
[SourceTitle "CBM 075 Extra"]
[Source "ChessBase"]
[SourceDate "2000.05.11"]
[SourceVersion "2"]
[SourceVersionDate "2000.05.11"]
[SourceQuality "1"]

1. Nf3 Nf6 2. b3 e6 3. Bb2 b6 4. g3 Bb7 5. Bg2 Bc5 6. 0-0 Be7 7. c4 0-0 8. Nc3 d6 9. e3 Nbd7 10. Qe2 Re8 11. Ne1 Bxg2 12. Nxg2 a6 13. f4 d5 14. g4 d4 15. Nd1 dxe3 16. Ndxe3 Nf8 17. Rad1 N6d7 18. g5 e5 19. Nf5 Ng6 20. Qh5 f6 21. Rf3 exf4 22. Nxf4 Nxf4 23. Rxf4 fxg5 24. Nh6+ 1-0

[Event "YUG-ch (Women) 53th"]
[Site "Herceg Novi"]
[Date "2000.04.21"]
[Round "11"]
[White "Petronic, Sanja"]
[Black "Markov, Vesna"]
[Result "1-0"]
[WhiteElo "2203"]
[BlackElo "2202"]
[PlyCount "65"]
[EventDate "2000.04.16"]
[EventType "tourn"]
[EventRounds "13"]
[EventCountry "YUG"]
[SourceTitle "CBM 075 Extra"]
[Source "ChessBase"]
[SourceDate "2000.05.11"]
[SourceVersion "2"]
[SourceVersionDate "2000.05.11"]
[SourceQuality "1"]

1. e4 c5 2. Nf3 e6 3. d4 cxd4 4. Nxd4 Nf6 5. Nc3 d6 6. Be3 Be7 7. g4 Nc6 8. g5 Nd7 9. h4 a6 10. Qe2 Qc7 11. Bg2 b5 12. e5 d5 13. f4 Na5 14. Nf5 Bb4 15. Nxg7+ Kf8 16. Nh5 Bxc3+ 17. bxc3 Qxc3+ 18. Kf2 Bb7 19. Nf6 Ke7 20. Rad1 Nc4 21. Bd4 Qa5 22. Qd3 Nxf6 23. gxf6+ Kd7 24. Bh3 Rac8 25. Rhg1 Na3 26. c3 Qa4 27. Rg7 Rhf8 28. Bxe6+ Ke8 29. Bxc8 Bxc8 30. f5 Nc4 31. e6 Qxa2+ 32. Kg1 fxe6 33. Qxc4 1-0

[Event "YUG-ch (Women) 53th"]
[Site "Herceg Novi"]
[Date "2000.04.17"]
[Round "8"]
[White "Markov, Vesna"]
[Black "Petrovic, Marija"]
[Result "0-1"]
[WhiteElo "2202"]
[BlackElo "2281"]
[PlyCount "158"]
[EventDate "2000.04.16"]
[EventType "tourn"]
[EventRounds "13"]
[EventCountry "YUG"]
[SourceTitle "CBM 075 Extra"]
[Source "ChessBase"]
[SourceDate "2000.05.11"]
[SourceVersion "2"]
[SourceVersionDate "2000.05.11"]
[SourceQuality "1"]

1. Nf3 Nf6 2. d4 g6 3. g3 Bg7 4. Bg2 0-0 5. 0-0 c6 6. a4 d6 7. Nbd2 Qc7 8. c3 h6 9. e4 e5 10. Re1 Be6 11. b4 a5 12. Bb2 Nbd7 13. Bf1 Rfe8 14. bxa5 Qxa5 15. dxe5 Nxe5 16. Nd4 Bg4 17. f3 Nxf3+ 18. N2xf3 Nxe4 19. Qc2 Bxf3 20. Nxf3 Nxc3 21. Rxe8+ Rxe8 22. Bxc3 Bxc3 23. Rb1 Re7 24. Bd3 Kg7 25. Rc1 Bf6 26. Kg2 d5 27. h3 Qa7 28. Nh2 Qd4 29. Nf3 Qb4 30. Nh2 Qd6 31. Ng4 Bg5 32. Rf1 h5 33. Nh2 c5 34. Nf3 Bf6 35. Rd1 Re3 36. Bc4 d4 37. Qf2 Qc6 38. Bb5 Qe6 39. Re1 c4 40. Rxe3 dxe3 41. Qa2 e2 42. Bxc4 e1Q 43. Nxe1 Qxe1 44. Qe2 Qa1 45. Qe8 Qb2+ 46. Qe2 Qc3 47. Qd3 Qb4 48. Qd5 Qe7 49. Bb5 h4 50. gxh4 Bxh4 51. Bc4 Bf6 52. a5 Be5 53. h4 Bf6 54. h5 gxh5 55. a6 bxa6 56. Bxa6 Be5 57. Bc4 Qg5+ 58. Kf1 Qf4+ 59. Ke2 Qg4+ 60. Kf1 Qf5+ 61. Ke2 Qc2+ 62. Ke3 Qc1+ 63. Ke2 Qb2+ 64. Kf1 Qb1+ 65. Ke2 Qc2+ 66. Ke3 Qc1+ 67. Ke2 Qb2+ 68. Kf1 Kh6 69. Qxf7 h4 70. Be2 Qc1+ 71. Kg2 Qg5+ 72. Kh1 Qc1+ 73. Kg2 h3+ 74. Kf3 Qc3+ 75. Ke4 Qd4+ 76. Kf3 h2 77. Qe6+ Kg5 78. Qg8+ Bg7 79. Qh7 h1Q+ 0-1

[Event "YUG-ch (Women) 53th"]
[Site "Herceg Novi"]
[Date "2000.04.14"]
[Round "6"]
[White "Markov, Vesna"]
[Black "Maksimovic, Suzana"]
[Result "1/2-1/2"]
[WhiteElo "2202"]
[BlackElo "2278"]
[PlyCount "70"]
[EventDate "2000.04.16"]
[EventType "tourn"]
[EventRounds "13"]
[EventCountry "YUG"]
[SourceTitle "CBM 075 Extra"]
[Source "ChessBase"]
[SourceDate "2000.05.11"]
[SourceVersion "2"]
[SourceVersionDate "2000.05.11"]
[SourceQuality "1"]

1. Nf3 c5 2. e3 Nf6 3. d4 g6 4. dxc5 Bg7 5. c3 a5 6. Qa4 0-0 7. Be2 Na6 8. Qc4 Qc7 9. Na3 Qxc5 10. 0-0 d5 11. Qxc5 Nxc5 12. Rd1 Bg4 13. h3 Bxf3 14. gxf3 Rfd8 15. Nb5 Ne8 16. b3 e5 17. Ba3 Ne6 18. Rd2 a4 19. Rad1 axb3 20. axb3 d4 21. Bb4 dxe3 22. fxe3 Bh6 23. Kf2 Bg5 24. Nd6 Bh4+ 25. Kg2 N8g7 26. Bc4 Rxd6 27. Bxd6 Nf5 28. Bxe6 Nxe3+ 29. Kg1 Nxd1 30. Rxd1 fxe6 31. Bxe5 Ra2 32. Rd7 Ra1+ 33. Kg2 Ra2+ 34. Kg1 Ra1+ 35. Kg2 Ra2+ 1/2-1/2

[Event "YUG-ch (Women) 53th"]
[Site "Herceg Novi"]
[Date "2000.04.10"]
[Round "2"]
[White "Jovanovic, Violeta"]
[Black "Markov, Vesna"]
[Result "1/2-1/2"]
[WhiteElo "2151"]
[BlackElo "2202"]
[PlyCount "130"]
[EventDate "2000.04.16"]
[EventType "tourn"]
[EventRounds "13"]
[EventCountry "YUG"]
[SourceTitle "CBM 075 Extra"]
[Source "ChessBase"]
[SourceDate "2000.05.11"]
[SourceVersion "2"]
[SourceVersionDate "2000.05.11"]
[SourceQuality "1"]

1. Nf3 Nf6 2. c4 e6 3. g3 d5 4. Bg2 Be7 5. 0-0 0-0 6. d4 Nbd7 7. Qc2 c6 8. b3 Ne4 9. Ba3 Bxa3 10. Nxa3 Qe7 11. Qb2 f6 12. Nc2 Rd8 13. Ne3 Nf8 14. Nd2 Nxd2 15. Qxd2 Bd7 16. Qc2 Be8 17. f4 dxc4 18. Qxc4 Bf7 19. Qc3 Nd7 20. Nc4 Rac8 21. Rad1 Nb6 22. Nxb6 axb6 23. e4 Rc7 24. Rfe1 Bh5 25. Rd2 Rcd7 26. Bh3 Kf8 27. d5 cxd5 28. exd5 Rxd5 29. Rxd5 Rxd5 30. Bxe6 Qc5+ 31. Qxc5+ Rxc5 32. Bc4 Bf3 33. Kf2 Bc6 34. Ke3 Ra5 35. Re2 Ra8 36. Kd4 Rd8+ 37. Kc3 Rd1 38. Rd2 Rc1+ 39. Rc2 Re1 40. Re2 Rd1 41. Bd3 g6 42. a4 Rc1+ 43. Kb4 Rd1 44. Bc4 Rd6 45. Kc3 Bf3 46. Re3 Bc6 47. Bd3 Kf7 48. h4 h5 49. Bc4+ Kf8 50. Rd3 Rxd3+ 51. Kxd3 Ke7 52. Kd4 Be8 53. Bd5 Bc6 54. Bxc6 bxc6 55. b4 Kd7 56. a5 c5+ 57. Kc4 cxb4 58. axb6 Kc6 59. Kxb4 Kxb6 60. Kc4 Kc6 61. Kd4 Kd6 62. Ke4 Ke7 63. f5 g5 64. Kd5 Kd7 65. Ke4 Ke7 1/2-1/2

[Event "YUG-ch (Women) 53th"]
[Site "Herceg Novi"]
[Date "2000.04.09"]
[Round "1"]
[White "Markov, Vesna"]
[Black "Prudnikova, Svetlana"]
[Result "0-1"]
[WhiteElo "2202"]
[BlackElo "2421"]
[PlyCount "68"]
[EventDate "2000.04.16"]
[EventType "tourn"]
[EventRounds "13"]
[EventCountry "YUG"]
[SourceTitle "CBM 075 Extra"]
[Source "ChessBase"]
[SourceDate "2000.05.11"]
[SourceVersion "2"]
[SourceVersionDate "2000.05.11"]
[SourceQuality "1"]

1. d4 Nf6 2. Nf3 c5 3. e3 e6 4. Bd3 b6 5. b3 Bb7 6. Bb2 Nc6 7. a3 cxd4 8. exd4 Be7 9. 0-0 0-0 10. Nbd2 Rc8 11. Re1 Re8 12. c4 d5 13. Ne5 dxc4 14. Nxc6 Bxc6 15. bxc4 Qc7 16. Re3 Qf4 17. Rh3 g6 18. Nf3 Be4 19. Ne5 Bxd3 20. Qxd3 Red8 21. Re1 Nd7 22. Nxd7 Rxd7 23. Re4 Qg5 24. Rg3 Qh6 25. Qe2 Bf8 26. Rh3 Qg5 27. f4 Qf5 28. g4 Qa5 29. Rxe6 fxe6 30. Qxe6+ Rf7 31. Qxc8 Qe1+ 32. Kg2 Qd2+ 33. Kg1 Qxf4 34. Rg3 Qf1# 0-1

[Event "YUG-ch (Women)"]
[Site "Belgrade"]
[Date "1999.10.31"]
[Round "13"]
[White "Markov, Vesna"]
[Black "Maric, Mirjana"]
[Result "0-1"]
[WhiteElo "2207"]
[BlackElo "2316"]
[PlyCount "80"]
[EventDate "1999.10.18"]
[EventType "tourn"]
[EventRounds "13"]
[EventCountry "YUG"]
[EventCategory "1"]
[SourceTitle "CBM 073 Extra"]
[Source "ChessBase"]
[SourceDate "2000.01.11"]
[SourceVersion "1"]
[SourceVersionDate "2000.01.11"]
[SourceQuality "1"]

1. d4 Nf6 2. Nf3 d5 3. e3 g6 4. Bd3 Bg7 5. Nbd2 Nbd7 6. 0-0 c5 7. c3 0-0 8. h3 Qc7 9. e4 dxe4 10. Nxe4 Nxe4 11. Bxe4 Rd8 12. Qe2 cxd4 13. Nxd4 a6 14. Nb3 Nf6 15. Bc2 Be6 16. Re1 Rac8 17. Be3 Bc4 18. Qf3 Bd5 19. Qe2 e5 20. Bg5 Re8 21. Rad1 Bc6 22. Nd2 Nd5 23. Ne4 h6 24. Bc1 Kh7 25. Qc4 f5 26. Ng3 Rcd8 27. h4 b5 28. Qb3 h5 29. Bg5 Rd6 30. c4 Nf4 31. Rxd6 Qxd6 32. Rd1 Qc7 33. cxb5 axb5 34. Bxf4 exf4 35. Nxf5 gxf5 36. Bxf5+ Kh8 37. Qc2 Qb7 38. f3 Be5 39. Qc5 Bb8 40. Bg6 Ba7 0-1

[Event "YUG-ch (Women)"]
[Site "Belgrade"]
[Date "1999.10.27"]
[Round "9"]
[White "Markov, Vesna"]
[Black "Maksimovic, Suzana"]
[Result "0-1"]
[WhiteElo "2207"]
[BlackElo "2263"]
[PlyCount "88"]
[EventDate "1999.10.18"]
[EventType "tourn"]
[EventRounds "13"]
[EventCountry "YUG"]
[EventCategory "1"]
[SourceTitle "CBM 073 Extra"]
[Source "ChessBase"]
[SourceDate "2000.01.11"]
[SourceVersion "1"]
[SourceVersionDate "2000.01.11"]
[SourceQuality "1"]

1. d4 Nf6 2. Nf3 c5 3. e3 g6 4. Bd3 Bg7 5. 0-0 b6 6. Nbd2 Bb7 7. c3 0-0 8. Re1 d6 9. e4 cxd4 10. Nxd4 Nbd7 11. Bc2 a6 12. Nf1 Qc7 13. Bg5 Rac8 14. Rc1 Rfe8 15. Qe2 h6 16. Bh4 e5 17. Nb3 d5 18. f3 dxe4 19. fxe4 Nh5 20. Ne3 Nf4 21. Qf1 b5 22. Rcd1 Nb6 23. Rd2 Nc4 24. Nxc4 bxc4 25. Nc1 g5 26. Bf2 Rcd8 27. Red1 Rxd2 28. Rxd2 f5 29. g3 fxe4 30. Ba4 Re7 31. gxf4 exf4 32. Qd1 e3 33. Rd8+ Bf8 34. Be1 f3 35. Bg3 e2 36. Bxc7 exd1Q+ 37. Rxd1 Rxc7 38. Kf2 Bc5+ 39. Kg3 Be3 40. a3 Bf4+ 41. Kf2 Bxh2 42. Bd7 h5 43. Be6+ Kf8 44. Rh1 Bf4 0-1

[Event "YUG-chT (Women)"]
[Site "Vrnjacka Banja"]
[Date "1999.??.??"]
[Round "3"]
[White "Kalevic, Sanja"]
[Black "Markov, Vesna"]
[Result "1-0"]
[WhiteElo "2331"]
[BlackElo "2207"]
[PlyCount "87"]
[EventDate "1999.08.??"]
[EventType "team-tourn"]
[EventRounds "9"]
[EventCountry "YUG"]
[SourceTitle "EXT 2000"]
[Source "ChessBase"]
[SourceDate "1999.11.16"]
[SourceVersion "1"]
[SourceVersionDate "1999.11.16"]
[SourceQuality "1"]

1. e4 c5 2. Nf3 e6 3. c4 Nc6 4. Nc3 Nge7 5. Be2 Nd4 6. 0-0 Nec6 7. d3 Be7 8. Be3 Nxe2+ 9. Qxe2 b6 10. d4 cxd4 11. Nxd4 Bb7 12. Rfd1 0-0 13. Ndb5 f5 14. exf5 Rxf5 15. Nd6 Bxd6 16. Rxd6 Ne5 17. f4 Nf7 18. Rd4 e5 19. fxe5 Rxe5 20. Qd2 Bc6 21. Bf4 Rf5 22. Re1 Qf8 23. Nd5 Bxd5 24. Rxd5 Rxd5 25. Qxd5 Re8 26. Rd1 Qb4 27. Rd2 Qe7 28. Bg3 Qe3+ 29. Bf2 Qh6 30. b3 Qg6 31. Qxd7 Ng5 32. Bg3 h5 33. Qd3 Ne4 34. Re2 Re6 35. Be1 Qg4 36. h3 Qf5 37. b4 a5 38. Qd5 Qg6 39. bxa5 bxa5 40. Qxa5 Kh7 41. Qd5 Re8 42. Qd3 Qc6 43. a4 g6 44. Qd5 1-0

[Event "YUG-chT (Women)"]
[Site "Vrnjacka Banja"]
[Date "1999.??.??"]
[Round "5"]
[White "Maksimovic, Suzana"]
[Black "Markov, Vesna"]
[Result "1/2-1/2"]
[WhiteElo "2263"]
[BlackElo "2207"]
[PlyCount "50"]
[EventDate "1999.08.??"]
[EventType "team-tourn"]
[EventRounds "9"]
[EventCountry "YUG"]
[SourceTitle "EXT 2000"]
[Source "ChessBase"]
[SourceDate "1999.11.16"]
[SourceVersion "1"]
[SourceVersionDate "1999.11.16"]
[SourceQuality "1"]

1. d4 d5 2. c4 e6 3. Nf3 c6 4. e3 Nf6 5. Bd3 Nbd7 6. Nbd2 Bd6 7. 0-0 0-0 8. h3 e5 9. cxd5 cxd5 10. dxe5 Nxe5 11. Nxe5 Bxe5 12. Nf3 Bc7 13. b3 Ne4 14. Bb2 Ng5 15. Nxg5 Qxg5 16. Bxh7+ Kxh7 17. Qc2+ Kg8 18. Qxc7 Bxh3 19. Qh2 Bf5 20. Bd4 Rfc8 21. Rac1 a6 22. Qe5 Qg6 23. f3 Bh3 24. Qh2 Bd7 25. Qe5 Bh3 1/2-1/2

[Event "YUG-ch51 (Women)"]
[Site "Belgrade"]
[Date "1998.??.??"]
[Round "12"]
[White "Bojkovic, Natasa"]
[Black "Markov, Vesna"]
[Result "1-0"]
[WhiteElo "2420"]
[BlackElo "2180"]
[PlyCount "83"]
[EventDate "1998.04.??"]
[EventType "tourn"]
[EventRounds "13"]
[EventCountry "YUG"]
[SourceTitle "EXT 1999"]
[Source "ChessBase"]
[SourceDate "1998.11.16"]
[SourceVersion "1"]
[SourceVersionDate "1998.11.16"]
[SourceQuality "1"]

1. e4 c5 2. Nf3 b6 3. Nc3 Bb7 4. Bc4 e6 5. 0-0 Be7 6. d4 cxd4 7. Nxd4 a6 8. Re1 Nc6 9. Nxc6 dxc6 10. Qg4 Qd4 11. Bf1 Qf6 12. Be3 b5 13. Qg3 e5 14. a4 Bb4 15. Bg5 Qe6 16. axb5 axb5 17. Rxa8+ Bxa8 18. Ra1 Bb7 19. Ra7 Bc8 20. Qd3 Nf6 21. Nxb5 0-0 22. Nc7 Qd6 23. Be3 Ng4 24. Qxd6 Bxd6 25. Bb6 h5 26. Bc4 Nf6 27. f3 Nd7 28. Bf2 Nc5 29. Na8 Be6 30. Nb6 Rd8 31. Bxe6 Nxe6 32. Rd7 Rxd7 33. Nxd7 Nd4 34. c3 Nb3 35. Kf1 f6 36. Nb6 Kf7 37. Nc4 Be7 38. Ke2 Ke6 39. Kd3 f5 40. exf5+ Kxf5 41. Bg3 Nc5+ 42. Ke3 1-0

[Event "YUG-ch51 (Women)"]
[Site "Belgrade"]
[Date "1998.??.??"]
[Round "6"]
[White "Jovanovic, Violeta"]
[Black "Markov, Vesna"]
[Result "0-1"]
[WhiteElo "2115"]
[BlackElo "2180"]
[PlyCount "76"]
[EventDate "1998.04.??"]
[EventType "tourn"]
[EventRounds "13"]
[EventCountry "YUG"]
[SourceTitle "EXT 1999"]
[Source "ChessBase"]
[SourceDate "1998.11.16"]
[SourceVersion "1"]
[SourceVersionDate "1998.11.16"]
[SourceQuality "1"]

1. e4 c5 2. c3 e6 3. d4 b6 4. d5 e5 5. f4 exf4 6. Bxf4 Qe7 7. Bd3 d6 8. Nf3 Nd7 9. 0-0 Ne5 10. Bb5+ Bd7 11. Bxd7+ Nxd7 12. e5 dxe5 13. Bxe5 0-0-0 14. Bg3 Ndf6 15. c4 Nh6 16. Ne5 Re8 17. Qa4 Qb7 18. Nc6 a6 19. Nc3 Be7 20. d6 Bd8 21. Na7+ Kb8 22. d7+ Kxa7 23. dxe8Q Nxe8 24. Nb5+ Ka8 25. Nd6 Nxd6 26. Bxd6 Bf6 27. Rae1 Ng4 28. Re8+ Rxe8 29. Qxe8+ Ka7 30. Rd1 Bd4+ 31. Kf1 Ne3+ 32. Ke1 Nxd1 33. Kxd1 Bxb2 34. g3 Bd4 35. Qg8 h5 36. Qh8 g6 37. Qd8 Qf3+ 38. Ke1 Bc3# 0-1

[Event "YUG-ch51 (Women)"]
[Site "Belgrade"]
[Date "1998.??.??"]
[Round "5"]
[White "Maric, Mirjana"]
[Black "Markov, Vesna"]
[Result "1/2-1/2"]
[WhiteElo "2280"]
[BlackElo "2180"]
[PlyCount "45"]
[EventDate "1998.04.??"]
[EventType "tourn"]
[EventRounds "13"]
[EventCountry "YUG"]
[SourceTitle "EXT 1999"]
[Source "ChessBase"]
[SourceDate "1998.11.16"]
[SourceVersion "1"]
[SourceVersionDate "1998.11.16"]
[SourceQuality "1"]

1. e4 c5 2. c3 e6 3. d4 a6 4. Nf3 Qc7 5. Bd3 d6 6. 0-0 Nd7 7. a4 b6 8. Bf4 Ne7 9. dxc5 Qxc5 10. Nbd2 Ng6 11. Be3 Qc7 12. Nd4 Nc5 13. Bc2 e5 14. Ne2 Be7 15. f4 exf4 16. Nxf4 Nxf4 17. Bxf4 Ne6 18. Bg3 Bb7 19. Kh1 Bf6 20. Nf3 Rd8 21. Nh4 Be5 22. Qe1 0-0 23. Nf5 1/2-1/2

[Event "YUG-ch51 (Women)"]
[Site "Belgrade"]
[Date "1998.??.??"]
[Round "7"]
[White "Markov, Vesna"]
[Black "Petrovic, Marija"]
[Result "1-0"]
[WhiteElo "2180"]
[BlackElo "2265"]
[PlyCount "121"]
[EventDate "1998.04.??"]
[EventType "tourn"]
[EventRounds "13"]
[EventCountry "YUG"]
[SourceTitle "EXT 1999"]
[Source "ChessBase"]
[SourceDate "1998.11.16"]
[SourceVersion "1"]
[SourceVersionDate "1998.11.16"]
[SourceQuality "1"]

1. d4 g6 2. g3 Bg7 3. Bg2 Nf6 4. Nf3 c6 5. 0-0 0-0 6. Nbd2 d6 7. h3 Qc7 8. e4 a5 9. a4 Nfd7 10. Re1 Na6 11. Nc4 b5 12. axb5 cxb5 13. Nxa5 Nb4 14. Nb3 Bb7 15. c3 Rxa1 16. Nxa1 Na2 17. Bg5 Nf6 18. e5 dxe5 19. dxe5 Ne4 20. Bf4 Qb6 21. Qc2 b4 22. c4 Nc5 23. Nb3 Ne6 24. Be3 Qc7 25. Nbd4 Nc5 26. Nb5 Qb6 27. Bxc5 Qxc5 28. Qb3 Rd8 29. Qxa2 Rd3 30. Nbd4 Rxd4 31. Nxd4 Bxg2 32. Kxg2 Qxd4 33. Qa8+ Bf8 34. b3 e6 35. Re3 Qc5 36. h4 Kg7 37. Qe4 h5 38. Rd3 Qc7 39. Rf3 Kg8 40. Rd3 Kg7 41. g4 hxg4 42. Qxg4 Qxe5 43. Qd4 Qxd4 44. Rxd4 f5 45. Rd8 Be7 46. Rd7 Kf8 47. Kg3 Ke8 48. Rd1 e5 49. Rd5 e4 50. h5 gxh5 51. Rxf5 h4+ 52. Kf4 Kd7 53. Kxe4 Ke6 54. Re5+ Kf7 55. Rxe7+ Kxe7 56. Kf3 Kd6 57. Kg4 Ke5 58. Kxh4 Kd4 59. f4 Kc3 60. c5 Kxb3 61. c6 1-0

[Event "YUG-chT (Women)"]
[Site "Niksic"]
[Date "1997.??.??"]
[Round "7"]
[White "Jovanovic, Violeta"]
[Black "Markov, Vesna"]
[Result "0-1"]
[WhiteElo "2120"]
[BlackElo "2180"]
[PlyCount "62"]
[EventDate "1997.08.27"]
[EventType "team-tourn"]
[EventRounds "11"]
[EventCountry "YUG"]
[SourceTitle "CBM 059 Extra"]
[Source "ChessBase"]
[SourceDate "1997.09.26"]
[SourceVersion "1"]
[SourceVersionDate "1997.09.26"]
[SourceQuality "1"]

1. e4 c5 2. c3 e6 3. d4 cxd4 4. cxd4 d5 5. e5 Nc6 6. f4 Nge7 7. Nf3 Nf5 8. Nc3 Qb6 9. Na4 Qa5+ 10. Kf2 b5 11. Nc3 b4 12. Bb5 Bd7 13. Bxc6 Bxc6 14. Ne2 Be7 15. g4 Nh4 16. Ng3 Rc8 17. f5 Ba4 18. Qd3 exf5 19. Nxh4 Bc2 20. Qe2 Bxh4 21. gxf5 Bxf5 22. Bd2 Qb6 23. Qe3 0-0 24. Rac1 f6 25. Rxc8 Bxc8 26. Kg2 fxe5 27. Qxe5 Bf6 28. Qe1 Bxd4 29. Rf1 Rxf1 30. Nxf1 Qe6 31. Bxb4 Qh3+ 0-1

[Event "YUG-ch 1/2 fin (Women)"]
[Site "Mataruska Banja"]
[Date "1997.??.??"]
[Round "6"]
[White "Markov, Vesna"]
[Black "Grujic, Danijela"]
[Result "1-0"]
[WhiteElo "2140"]
[BlackElo "2110"]
[PlyCount "107"]
[EventDate "1997.??.??"]
[EventType "swiss"]
[EventRounds "11"]
[EventCountry "YUG"]
[SourceTitle "EXT 2002"]
[Source "ChessBase"]
[SourceDate "2001.11.25"]
[SourceVersion "1"]
[SourceVersionDate "2001.11.25"]
[SourceQuality "1"]

1. d4 f5 2. g3 e6 3. Bg2 Nf6 4. Nd2 Be7 5. e4 fxe4 6. Nxe4 0-0 7. Qd3 Nc6 8. Bd2 d6 9. Nf3 Nxe4 10. Qxe4 Qe8 11. 0-0 Qh5 12. Rfe1 Bf6 13. Bc3 Bd7 14. g4 Qf7 15. Re2 Rae8 16. g5 Bd8 17. Qh4 Ne7 18. Nd2 Nf5 19. Qf4 Bc6 20. Bxc6 bxc6 21. Qg4 Qg6 22. Nf3 h5 23. Qg2 c5 24. dxc5 e5 25. cxd6 cxd6 26. Kh1 e4 27. Nd4 Qxg5 28. Qxg5 Bxg5 29. Rd1 Bf4 30. Nxf5 Rxf5 31. Rde1 Be5 32. Bxe5 Rexe5 33. Rxe4 Rxe4 34. Rxe4 Rxf2 35. Rc4 d5 36. Rc7 h4 37. h3 d4 38. a4 Kh7 39. Rc4 Rd2 40. a5 Rd1+ 41. Kg2 Rc1 42. b3 Kg6 43. Kf3 Kh5 44. Ke4 Rh1 45. Rc7 g6 46. Rxa7 Rxh3 47. a6 Rh1 48. Rh7+ Kg4 49. b4 Ra1 50. b5 h3 51. a7 Ra5 52. b6 Rh5 53. Rxh5 gxh5 54. a8Q 1-0

[Event "YUG Cup (Women)"]
[Site "Ulcinj"]
[Date "1997.??.??"]
[Round "?"]
[White "Markov, Vesna"]
[Black "Shumiakina, Tatiana"]
[Result "0-1"]
[WhiteElo "2140"]
[BlackElo "2375"]
[PlyCount "68"]
[EventDate "1997.??.??"]
[EventType "team-tourn"]
[EventRounds "7"]
[EventCountry "YUG"]
[SourceTitle "EXT 1999"]
[Source "ChessBase"]
[SourceDate "1998.11.16"]
[SourceVersion "1"]
[SourceVersionDate "1998.11.16"]
[SourceQuality "1"]

1. d4 d5 2. Nf3 c6 3. e3 Bf5 4. Bd3 Bg6 5. Ne5 Nd7 6. Nxg6 hxg6 7. f4 e6 8. Qf3 Bd6 9. Nc3 f5 10. Bd2 Ngf6 11. 0-0-0 b5 12. h3 Nb6 13. g4 Qc7 14. Rdg1 0-0-0 15. Qg2 Rd7 16. Kb1 Nc4 17. Bc1 Qa5 18. g5 Ne8 19. Rd1 Rb7 20. Ne2 Rb6 21. c3 b4 22. Bxc4 dxc4 23. cxb4 Bxb4 24. Ng3 Nd6 25. Qe2 Kc7 26. e4 Bc3 27. e5 Nb5 28. Ka1 Qa4 29. Rh2 Nxd4 30. Rxd4 Bxd4 31. Qd2 c3 32. bxc3 Rhb8 33. Bb2 Rxb2 34. Qxb2 Qd1+ 0-1

[Event "YUG-ch3 (Women)"]
[Site "Vrnjacka Banja"]
[Date "1996.??.??"]
[Round "?"]
[White "Markov, Vesna"]
[Black "Nestorovic, Irena"]
[Result "1-0"]
[WhiteElo "2165"]
[BlackElo "2060"]
[PlyCount "53"]
[EventDate "1996.??.??"]
[EventType "tourn"]
[EventRounds "11"]
[EventCountry "YUG"]
[SourceTitle "EXT 1998"]
[Source "ChessBase"]
[SourceDate "1997.11.17"]
[SourceVersion "1"]
[SourceVersionDate "1997.11.17"]
[SourceQuality "1"]

1. d4 d5 2. c4 Nc6 3. cxd5 Qxd5 4. e3 e5 5. Nc3 Bb4 6. Bd2 Bxc3 7. bxc3 Qd6 8. Bd3 Nf6 9. f3 0-0 10. Ne2 Re8 11. 0-0 Be6 12. Qc2 Rab8 13. Rab1 h6 14. Be1 a6 15. a4 Bd7 16. Bf2 Qe7 17. Ng3 Nd5 18. Rfe1 Qa3 19. Ne4 Na5 20. Nc5 Bc6 21. Rec1 exd4 22. exd4 b6 23. Ra1 Qxc3 24. Qxc3 Nxc3 25. Nxa6 Nxa4 26. Nxb8 Rxb8 27. Rxc6 1-0